000 00426nam a2200181Ia 4500
001 14788
005 20260306164940.0
008 260306t2004||||xx |||||||||||||| ||spa||
041 _aESP
082 _a519.2
_bT81
100 _aTriola, Mario F.
_eAUT
245 0 _aProbabilidad y estadistica
260 _c2004
300 _axxvi, 614 páginas :
_c27 cm.
650 _aGEN
654 _aCMA
942 _cLIB
_dJUS
_fJUS
_2ddc
_n
999 _c14788
_d14788